000 01033nam a2200265Ia 4500
003 OSt
005 20221207080417.0
008 210310s2005 ck abo gr 000 0 spa d
020 _a9583385867
040 _aCO-JMCR
_cCO-JMCR
041 0 _aspa
082 0 4 _223
_a361.25 /
_bA654a
245 0 0 _aAprendizaje colectivo :
_bProgramas Familias en Acción
250 _aPrimera edición
260 _aBogotá :
_bProgramas Familias en Acción,
_c2005
300 _axxii, 272 páginas :
_bilustraciones, fotografías a color y mapas ;
_c26 cm
440 _a#N/A
_933316
504 _aBibliografía: páginas 233-240
505 0 _aEl camino recorrido -- Puesta en escena de familias en acción -- ¿Cómo funciona familias en acción? -- Familias en acción teje redes sociales -- Seguimiento y evaluación
650 1 4 _aPolítica social
_933317
_zColombia
650 2 4 _aFamilia
_xAspectos sociales
_zColombia
_942477
650 2 4 _aEducación
_zColombia
_99941
650 2 4 _aParticipación social
_zColombia
_942478
942 _2ddc
_cBK
999 _c14323
_d14323